Contabilidad socio-ambiental (Registro nro. 12249)

Detalles MARC
000 -LEADER
fixed length control field 00374 a2200133 4500
001 - CONTROL NUMBER
control field ART_41328
005 - DATE AND TIME OF LATEST TRANSACTION
control field 20260410161629.0
008 - FIXED-LENGTH DATA ELEMENTS--GENERAL INFORMATION
fixed length control field 260409a
100 1# - MAIN ENTRY--PERSONAL NAME
Personal name Geba, Norma Beatriz
245 10 - TITLE STATEMENT
Title Contabilidad socio-ambiental
700 1# - ADDED ENTRY--PERSONAL NAME
Personal name Catani, María Laura
700 1# - ADDED ENTRY--PERSONAL NAME
Personal name Bifaretti, Marcela Claudia
773 0# - HOST ITEM ENTRY
Title Enfoques
Related parts - Nº 3 (mar. 2017)
Record control number REV416

No hay ítems disponibles.